| 000 | 01085nam a2200325Ia 4500 | ||
|---|---|---|---|
| 003 | OSt | ||
| 005 | 20221007121435.0 | ||
| 006 | a|||||r|||| 00| 0 | ||
| 007 | ta | ||
| 008 | 221006b |||||||| |||| 00| 0 eng d | ||
| 020 | _a9781605352909 (hbk) | ||
| 024 | _a196520 | ||
| 037 |
_b73, 20/03/2017, Aviva Books Company _cTextual |
||
| 040 |
_aBDL _cBDL _beng |
||
| 041 |
_2eng _aeng |
||
| 082 | _aG11, P0;Q6;1 Carb | ||
| 100 |
_aCooper Geoffrey M _9392382 |
||
| 245 | 0 |
_aCell: A molecular approach _b Hausman Robert E |
|
| 250 | _a7 | ||
| 260 |
_aSunderland _bSinauer Associates _c2016 |
||
| 300 |
_axxv, 832p. Col.ill. _ccm. |
||
| 500 | _aGlossary 783-802p.; Illustration credits 803-804p.; Index 805-832p. | ||
| 650 | _a Cell biology | ||
| 650 |
_a Cell physiological phenomena _9711943 |
||
| 650 |
_a Molecular biology _9414923 |
||
| 650 |
_aCells _9550594 |
||
| 700 | _a Hausman Robert E | ||
| 942 |
_hG11, P0;Q6;1 Carb _cTEXL _2CC |
||
| 999 |
_c1208891 _d1208891 |
||